[Event "CZE-ch U10"]
[Site "Teplice"]
[Date "2023.11.18"]
[Round "8"]
[White "Horacek, Jan"]
[Black "Kadlecova, Katerina"]
[Result "1-0"]
[WhiteElo "1125"]
[BlackElo "1000"]
[PlyCount "61"]
[EventDate "2023.11.15"]
[EventType "swiss"]
[EventRounds "9"]
[EventCountry "CZE"]
[SourceTitle "CBM 217 Extra"]
[Source "ChessBase"]
[SourceDate "2024.01.31"]
[SourceVersion "1"]
[SourceVersionDate "2024.01.31"]
[SourceQuality "1"]

1. e4 e5 2. d4 exd4 3. Qxd4 Nc6 4. Qd1 Bb4+ 5. c3 Bc5 6. Bc4 Qf6 7. Nf3 Nh6 8. 0-0 0-0 9. Bxh6 Qxh6 10. Qd2 Qg6 11. Qg5 Qd6 12. Qf5 g6 13. Qg5 Na5 14. Qh6 Re8 15. Ng5 Qf6 16. Bxf7+ Qxf7 17. Nxf7 Kxf7 18. Qxh7+ Kf6 19. b4 Bb6 20. bxa5 Bxa5 21. Qh4+ Kg7 22. Rd1 Rf8 23. Qe7+ Kg8 24. Qg5 Kg7 25. Qxa5 b6 26. Qe5+ Kh6 27. Rd3 g5 28. Rh3+ Kg6 29. Qxc7 g4 30. Qd6+ Kg5 31. Qh6# 1-0

[Event "CZE-ch U10"]
[Site "Teplice"]
[Date "2023.11.15"]
[Round "1"]
[White "Mauricova, Ivana"]
[Black "Horacek, Jan"]
[Result "1-0"]
[WhiteElo "1000"]
[BlackElo "1125"]
[PlyCount "65"]
[EventDate "2023.11.15"]
[EventType "swiss"]
[EventRounds "9"]
[EventCountry "CZE"]
[SourceTitle "CBM 217 Extra"]
[Source "ChessBase"]
[SourceDate "2024.01.31"]
[SourceVersion "1"]
[SourceVersionDate "2024.01.31"]
[SourceQuality "1"]

1. e4 e5 2. Bc4 Nf6 3. Nc3 Nc6 4. Nf3 Bc5 5. d3 0-0 6. 0-0 d6 7. Bg5 h6 8. Bh4 Bg4 9. h3 Bd7 10. a3 Qe7 11. Nd5 Qd8 12. Nxf6+ gxf6 13. Nh2 Nd4 14. c3 Ne6 15. Qg4+ Ng5 16. Qh5 Kg7 17. Ng4 Bxg4 18. Qxg4 Rg8 19. Qh5 Qe7 20. b4 Bb6 21. a4 c6 22. a5 Bc7 23. a6 b6 24. Rae1 Kh8 25. Bxg5 Rxg5 26. Qxh6+ Kg8 27. Re3 f5 28. Rg3 Rxg3 29. fxg3 fxe4 30. dxe4 Rf8 31. Rf5 Bd8 32. Rh5 Qf6 33. Qh7# 1-0